Statistics for Archie quiz it is very epic

Click here to take the quiz!

General Stats

  • This quiz has been taken 15 times
  • The average score is 12 of 23

Answer Stats

HintAnswer% Correct
What is archie's favourite grammer;
100%
What colour are Archies eyesblue
100%
how big is his ego an a scale of 1-100100
80%
His hairy friend is_____Neil
80%
he is ____ years old16
70%
How many girls has Archie liked in high school3
70%
he is in love withAmelia
70%
He love the band ____ _______The beatles
70%
True or false Isaac has playFalse
60%
His frog looking best friendIsaac
60%
His favouraite beetles isRingo star
50%
His birthday is what of April16th
40%
He wants to also become anauthor
40%
what hairstyle did he try that everyone made fun of him forCurtains
40%
How do you spell archie's youngest brother nameJem
40%
Who is the most sexy in the friend groupMatthew
40%
Archie picks histoes
40%
What was the spelling mistake made throughout the questionsbeetles
30%
He has a job atPharmacy
30%
His favouraite board gameRisk
30%
He wants to become a whatHermit
20%
His favouraite beatles song islet it be
20%
Archies favourite teacherMrs Chisolm
20%

Score Distribution

Percentile by Number Answered

Percent of People with Each Score

Your Score History

You have not taken this quiz